Estadísticas para Prueba del Reino Unido

Haz click aquí para tomar la prueba!

Estadísticas generales

  • Esta prueba ha sido tomada 668 veces
  • La puntuación promedio es 15 de 23

Estadísticas de respuestas

Pista Respuesta % Correct
Cuatro países que conforman el Reino UnidoInglaterra
98%
Capitales de esos cuatro paísesLondres
98%
Cuatro países que conforman el Reino UnidoEscocia
96%
Cuatro países que conforman el Reino UnidoGales
94%
Moneda del Reino UnidoLibra esterlina
94%
Cuatro países que conforman el Reino UnidoIrlanda del Norte
92%
El actual monarcaIsabel II
86%
La universidad más antiguaOxford
86%
Capitales de esos cuatro paísesEdimburgo
76%
Residencia principal de la respuesta anteriorPalacio de Buckingham
68%
Capitales de esos cuatro paísesBelfast
67%
La masa de agua que separa a Francia de Gran BretañaCanal de La Mancha
66%
El actual Primer MinistroBoris Johnson
62%
Capitales de esos cuatro paísesCardiff
62%
Himno nacionalGod Save the Queen
58%
El distrito del Primer Meridiano donde se encuentra el Observatorio RealGreenwich
58%
Las dos Cámaras del ParlamentoCámara de los {Lores}
55%
El país con más residentes británicos nacidos en el extranjeroIndia
53%
Las dos Cámaras del ParlamentoCámara de los {Comunes}
51%
El aeropuerto más concurridoHeathrow
48%
La montaña más altaBen Nevis
19%
El edificio más altoThe Shard
19%
El río más largoRío Severn
16%

Distribución de puntuación

Porcentaje por número respondido

Porcentaje de gente con cada puntuación

Historial de tus puntuaciones

No has tomado esta prueba